Central Library OPAC University of Rajshahi

The beginnings of Christian art / (Record no. 16909)

MARC details
000 -LEADER
fixed length control field 00787cam a2200277I 4500
001 - CONTROL NUMBER
control field 16909
003 - CONTROL NUMBER IDENTIFIER
rucl marc code BD-RjUL
005 - DATE AND TIME OF LATEST TRANSACTION
control field 20211209000050.0
008 - FIXED-LENGTH DATA ELEMENTS--GENERAL INFORMATION
fixed length control field 140215s1957 tnuabf b 001 0 eng
035 ## - SYSTEM CONTROL NUMBER
System control number MITb10899943
System control number (BD-RjUL)16965
040 ## - CATALOGING SOURCE
Original cataloging agency DLC
Transcribing agency DAY
Modifying agency SER
-- MYG
-- BD-RjUL
Language of cataloging eng
041 ## - LANGUAGE CODE
Language code of text/sound track or separate title eng
082 ## - DEWEY DECIMAL CLASSIFICATION NUMBER
Classification number 704.9482
Author mark and year RIB
090 ## - LOCALLY ASSIGNED LC-TYPE CALL NUMBER (OCLC); LOCAL CALL NUMBER (OCLC)
Classification number (OCLC) (R) ; Classification number, CALL (RLIN) (NR) N7832
Local cutter number (OCLC) ; Book number/undivided call number, CALL (RLIN) .R48x 1957
100 1# - MAIN ENTRY--PERSONAL NAME
Personal name Rice, David Talbot,
Dates associated with a name 1903-1972.
9 (RLIN) 51182
245 14 - TITLE STATEMENT
Title The beginnings of Christian art /
260 ## - PUBLICATION, DISTRIBUTION, ETC. (IMPRINT)
Place of publication, distribution, etc. Nashville :
Name of publisher, distributor, etc. Abingdon Press,
Date of publication, distribution, etc. c1957.
300 ## - PHYSICAL DESCRIPTION
Pagination 223 p. :
Illustrations ill. ;
Size 23 cm.
504 ## - BIBLIOGRAPHY, ETC. NOTE
Bibliography, etc Includes bibliographies and index.
650 #0 - SUBJECT ADDED ENTRY--TOPICAL TERM
Topical term or geographic name as entry element Christian art and symbolism
General subdivision History.
9 (RLIN) 52190
942 ## - ADDED ENTRY ELEMENTS (KOHA)
Source of classification or shelving scheme Dewey Decimal Classification
Koha item type Books
946 ## - LOCAL PROCESSING INFORMATION (OCLC)
a t
949 ## - LOCAL PROCESSING INFORMATION (OCLC)
a c
p 39080019622460
Holdings
Lost status Source of classification or shelving scheme Damaged status Not for loan Collection code Permanent Location Current Location Shelving location Date acquired Source of acquisition Cost, normal purchase price Total Checkouts Full call number Date last seen Copy number Koha item type
  Dewey Decimal Classification     Non-fiction Central Library, University of Rajshahi Central Library, University of Rajshahi   14/02/1974 Book centre 46.20   704.9482 RIB 1957 15/02/2014 C-2 Books
  Dewey Decimal Classification   Not For Loan Non-fiction Central Library, University of Rajshahi Central Library, University of Rajshahi Reading Room 25/07/1972 Book centre 46.20   704.9482 RIB 1957 22/01/2017 C-1 Books